| 000 | 00865nam a2200253 a 4500 | ||
|---|---|---|---|
| 001 | BRL_425 | ||
| 005 | 20190320210733.0 | ||
| 008 | 080813s1994----mx-a######---#000-0#spa-# | ||
| 020 | _a9687009462 | ||
| 041 | _aspa | ||
| 044 | _amx | ||
| 050 | 4 |
_aNK9581.5.M4 _b.E87 1994 |
|
| 100 | 1 |
_aEsparza Liberal, María José _94347 |
|
| 245 | 1 | 0 |
_aLa cera en México arte e historia _cMaría José Esparza Liberal, Isabel Fernández de García-Lascurain ; prólogo Teresa Castelló Yturbide. |
| 260 |
_aMéxico _bFomento Cultural Banamex _c1994 |
||
| 300 |
_a253 p. _bil. a color _c33 cm. |
||
| 500 | _aAu415 | ||
| 504 | _aBibliografía: p. 242-251 | ||
| 650 | 1 | 4 |
_aModelado con cera _xHistoria _zMéxico _94348 |
| 700 | 1 |
_aFernández de García-Lascurain, Isabel _ecoaut. _923880 |
|
| 700 | 1 |
_aCastelló Yturbide, Teresa _epról. _92444 |
|
| 902 | _aGRL | ||
| 942 |
_2lcc _cB |
||
| 999 |
_c9237 _d9237 |
||